| 000 | 00743cad a22002055a 4500 | ||
|---|---|---|---|
| 001 | E146529 | ||
| 008 | 090130s2004 xxk f s000 0 eng d | ||
| 035 | _a(Sirsi) u146529 | ||
| 041 | 0 | _aeng | |
| 050 | 0 | 4 | _a711.1 $2 18 |
| 110 | 2 |
_aScotland _bScottish Executive _94769 |
|
| 245 | 0 | 0 |
_aRights of appeal in planning _bconsultation paper[electronic resource] |
| 260 |
_a[Edinburgh] _bScottish Executive _c2004 |
||
| 520 | _aConsultation paper on rights of appeal in the planning system. | ||
| 521 | _aAdvanced | ||
| 651 | 4 |
_aScotland _y1999- |
|
| 690 |
_aPlanning and development _96259 |
||
| 856 | 4 | 0 |
_uhttps://www.scotland.gov.uk/Publications/2004/04/19206/35611 _zView the consultation free of charge at www.scotland.gov.uk... |
| 942 | _n0 | ||
| 999 |
_c109209 _d109209 |
||